00743nam a2200241 a 4500001001300000003000900013005001700022008004100039020000900080082001800089100001900107245004500126260002500171300000800196500003500204505005000239650002900289700001900318902000800337942000700345952013200352999001700484nice12345678IN_TiNIC20260116013304.0050524s1992 dela grp 000 0 eng  ac3000a261.8362bPUS aPushparajan, A aEcological World-View for a Just Society aDelhi bISPCK c1992 a75p aincludes index and biblioraphy2 aGlossary, Dates of Texts, Bibliography, Index aEcology and Christianity1 aPushparajan, A bSRS cBK 001040708StackRoom-aHMIbHMId2007-07-10g30.00l4m1o261.8362 PUSp017356r2019-07-23s2019-07-17v30.00w2005-05-24yBK c10425d10425